000 00264nam a2200109Ia 4500
008 220204s9999 xx 000 0 und d
082 _bGIL
100 _aGilchrist, Warren
245 0 _aStatistical forecasting
260 _aNew York
_bJohn Wiley
_c1976
942 _cBK
999 _c30595
_d30595